Normal view MARC view

Entry Personal Name

Number of records used in: 1

001 - CONTROL NUMBER

  • control field: 1067263

003 - CONTROL NUMBER IDENTIFIER

  • control field: OSt

005 - DATE AND TIME OF LATEST TRANSACTION

  • control field: 20260121170719.0

008 - FIXED-LENGTH DATA ELEMENTS

  • fixed length control field: 260121|| aca||aabn | a|a d

040 ## - CATALOGING SOURCE

  • Original cataloging agency: OSt
  • Transcribing agency: OSt

100 ## - HEADING--PERSONAL NAME

  • Personal name: Marco Aldinucci, Luca Padovani, Massimo Torquati

670 ## - SOURCE DATA FOUND

  • Source citation: Work cat.: (OSt)1632993: Marco Aldinucci, Luca Padovani, Massimo Torquati, Euro-Par 2018: Parallel Processing
Copyright @ Delhi University Library System